Mapping the Wessex novel (Record no. 86170)
[ view plain ]
| 000 -LEADER | |
|---|---|
| fixed length control field | 01552nam a2200373Ia 4500 |
| 082 04 - DEWEY DECIMAL CLASSIFICATION NUMBER | |
| Classification number | 823/.8099427 |
| 100 1# - MAIN ENTRY--AUTHOR NAME | |
| Personal name | Radford, Andrew D., |
| 245 10 - TITLE STATEMENT | |
| Title | Mapping the Wessex novel |
| 260 ## - PUBLICATION, DISTRIBUTION, ETC. (IMPRINT) | |
| Place of publication | New York : |
| Name of publisher | Continuum International Pub. Group, |
| Year of publication | 2010. |
| 300 ## - PHYSICAL DESCRIPTION | |
| Number of Pages | 182 p. |
| 490 1# - SERIES STATEMENT | |
| Series statement | Continuum literary studies |
| 650 #0 - SUBJECT ADDED ENTRY--TOPICAL TERM | |
| Topical Term | English fiction |
| Topical Term | English fiction |
| Topical Term | Landscapes in literature. |
| Topical Term | Local history in literature. |
| Topical Term | Regionalism in literature. |
| 856 40 - ELECTRONIC LOCATION AND ACCESS | |
| Uniform Resource Identifier | http://site.ebrary.com/lib/rucke/Doc?id=10415872 |
No items available.
